| 000 | 00531nam a2200169 a 4500 | ||
|---|---|---|---|
| 005 | 20210219161154.0 | ||
| 008 | 081107s1964 mx r 000 0 spa d | ||
| 035 | _aUPN01000180060 | ||
| 049 | _aUNE | ||
| 080 | _a37 (689.7) =20 "1964" EDU | ||
| 245 | 0 | 4 |
_aEducation for Development : _bReport of the survey team on education in Malawi / |
| 260 |
_aMalawi : _bAmerican Council on Education, _c1964. |
||
| 300 |
_a81 p. ; _bgraf. |
||
| 690 | _aDesarrollo de la educacion- Malawi | ||
| 690 | _aEducacion- Malawi | ||
| 905 | _aUNESCO | ||
| 999 |
_c152163 _d152163 |
||